000 00262nam a2200097Ia 4500
001 970444
005 20251230102228.0
008 250824s9999 xx 000 0 und d
245 0 _aSHERLOCK HOLMES UN ANILARI
_cSİR ARTHUR CONAN DOYLE
260 _bEverest Yayınları
999 _c970444
_d970444